| 000 | 00538nam a22001817a 4500 | ||
|---|---|---|---|
| 003 | AM-YeHGA | ||
| 005 | 20250617154541.0 | ||
| 008 | 181025s ||||| |||| 00| 0 rus d | ||
| 040 | _aAM-YeHGA | ||
| 041 | 0 | _arus | |
| 100 | 1 | _aТолстой, Лев Николаевич | |
| 245 | 1 | 0 |
_aРассказы / _cЛ.Н. Толстой. |
| 260 |
_a[Челябинск] : _bЧеляб. обл. гос. изд-во, _c1949. |
||
| 300 | _a208 с. | ||
| 653 | 0 | _aРусская литература | |
| 942 |
_2udc _cBK |
||
| 090 | _c416694 | ||
| 999 |
_c414379 _d414379 |
||